Представление документа в формате RUSMARC

ПолеНазваниеЗначение
  Тип записи a
  Библиографический уровень m
001 Контрольный номер RU/SLIB/B/208706170
005 Дата корректировки 20241025152604.1
010 Индекс ISBN __
a ISBN 5-85880-100-5
d Цена 45-00
101 Язык документа 0_
a Язык текста rus
c Язык оригинала rus
200 Заглавие и сведения об ответственности 1_
a Заглавие Обзор истории русского права
f Первые сведения об ответственности проф. М. Ф. Владимирский-Буданов
b Общее обозначение материала Текст
210 Выходные данные 1_
a Место издания Ростов н/Д
c Издательство Феникс
d Дата издания 1995
215 Физическое описание __
a Объем 639, [1] с.
225 Серия 2_
a Серия Антология русской правовой мысли
225 Серия 2_
a Серия Закон и общество
330 Аннотация __
a Аннотация Дается систематическое изложение истории Отечественного права за десять веков (IX-XIX вв.) по отраслям права: государственное, гражданское право, уголовный и гражданский процесс.
601 Наименование организации как предмет 02
a Наименование организации как предмет Боярская Дума
601 Наименование организации как предмет 02
a Наименование организации как предмет Русская Правда
606 Тематические рубрики __
a Основная рубрика История государства и права
a Основная рубрика Право
z Хронологическая подрубрика 9 в.; 10 в.; 11 в.; 12 в.; 13 в.; 14 в.; 15 в.; 16 в.; 17 в.; 18 в.; 19 в.
y Географическая подрубрика Россия; Московское государство; Древняя Русь; Российская империя
610 Ключевые слова 0_
a Ключевые слова обязательственное право; семейное право; уголовно-исполнительное право; вещное право; гражданско-процессуальное право; гражданский процесс; судопроизводство; гражданское право; уголовный процесс; гражданский процесс; государства; государственное устройство; русское право; княжеская власть; законодательство; источники права; население; служилые люди; тяглые люди; крестьяне; власть; князья; государственное управление; местное управление; финансовое управление; военное управление; шляхтество; дворянство; мещане; сословия; социальные группы; преступления; наказания; правовой статус; брак; семьи; наследственное право; судебная власть; судопроизводство
686 Индексы других классификаций __
2 Код системы rubbks
a Классификационный индекс 67.3(2)
700 Автор _2
a Фамилия Владимирский-Буданов
b Имя М. Ф.
c Титул (звания) профессор
4 Код отношения 070
801 Источник записи _0
a Страна RU
b Организация Муниципальное бюджетное учреждение культуры "Централизованная библиотечная система" г. Сургут (Центральная городская библиотека им. А. С. Пушкина)
g Правила каталогизации ОБ/Тесленко; КиК/Поспелова
801 Источник записи _1
a Страна RU
b Организация Муниципальное бюджетное учреждение культуры "Централизованная библиотечная система" г. Сургут (Центральная городская библиотека им. А. С. Пушкина)
g Правила каталогизации ОБ/Тесленко; КиК/Поспелова
852 Данные о местонахождении __
j Шифр хранения 67.3(2)
c Каталожный индекс 67.3(2)
i Авторский знак В 57
p Инвентарный номер 76840
901 Тип документа __
t Тип документа m
903 Характеристики (МАРС) __
a Дата передачи 20000921; 20080521
990 Данные о заказе (DOS) 00
j Количество экземпляров (DOS) 1; 1
t N записи в КСУ для И/У (DOS) 200806; 200001